Statistics for TOP 10 Smallest Countries in Asia

Click here to take the quiz!

General Stats

  • This quiz has been taken 96 times
  • The average score is 8 of 10

Answer Stats

size in km2Country% Correct
298Maldives
88%
697Singapore
88%
5,765Brunei
83%
760Bahrain
80%
14,874Timor-Leste/East Timor
80%
10,400Lebanon
75%
11,586Qatar
75%
17,818Kuwait
71%
20,770Israel
67%
9,251Cyprus
61%

Score Distribution

Percentile by Number Answered

Percent of People with Each Score

Your Score History

You have not taken this quiz